000 00655nam a22002297a 4500
003 OSt
005 20210423062535.0
008 210219s1998 ||||| |||| 00| 0 eng d
020 _a0321017625
040 _aeng
_beng
_cDLC
041 _aeng
080 _a33
_bF-78
100 _9995
_aFoshee, W. Andrew
245 _aStudy Guide to Accompany Gordon Macroeconomics
_c/ by: Addison Wesley Longman, Inc
250 _a7th edition
260 _aReading, Mass.
_bAddison Wesley Longman, Inc
_c1998
300 _a369 p.
_bill.
650 0 _9446
_aEconomics
653 _aეკონომიკა
700 _9996
_aDeSalvo, S. Joseph
942 _2udc
_cBK
_e7
999 _c1565
_d1565